000 00689nam a2200241Ia 4500
003 OSt
005 20221007111534.0
006 a|||||r|||| 00| 0
007 ta
008 221006b |||||||| |||| 00| 0 eng d
024 _a23,776
037 _cTextual
040 _aLCO
_cLCO
_beng
041 _2eng
_aeng
082 _aX615:34, K9
100 _aGrubel Herbert G.
245 0 _aInternational Monetary System
_bEfficiency and Practical Alternatives
260 _aHarmondsworth
_bPenguin Books England
_c1969
300 _a208
650 _aINTERNATIONAL MONETARY
_9708384
942 _hX615:34, K9
_cTEXL
999 _c1193339
_d1193339